000 00321nam a22001337a 4500
008 180110b xxu||||| |||| 00| 0 eng d
020 _a9780781738170
041 _aeng
080 _a615.83
100 _a8
101 _aEGF
245 _aGuide to Physical Examination and History Taking
_cPrabhu, F.R
942 _2udc
_cBK
999 _c39985
_d39985